000 01062cam a22003377a 4500
003 CHAP
005 20220329140532.0
008 971013s1955 r 00010 d
010 _a53502
011 _a54474
035 _a58625
040 _cCHAP
090 _aFolleto 937
100 0 0 _aWent, Fritz, W.
_9121480
245 1 4 _aThe ecology of desert plants
260 _aSan Francisco :
_bFreeman,
_c1955
300 _a6 p.
_b: ilus.
490 0 _aScientific American Offprints
_v; 114
500 _a"Reprinted from Scientific American, April 1955"
590 _aBATCH-UPD
_b10
_c20130110
_lUCH01
_h0015
590 _aBATCH-UPD
_b10
_c20130110
_lUCH01
_h1940
590 _aBATCH-UPD
_b10
_c20130410
_lUCH01
_h1303
590 _aBATCH-UPD
_b10
_c20130914
_lUCH01
_h1250
590 _aCONVERSION
_b10
_c20130109
_lUCH01
_h1329
650 1 4 _aEcologĂ­a vegetal.
_935188
650 1 4 _aFlora desértica.
_941326
830 0 _aScientific American Offprints
_v; 114
_9103328
901 _aBK
942 _cFOLL
949 _aFolleto 937
_bBC
_cFOLL
_d-127177
_eTS1
_i58625
_si
999 _c53502
_d53502